ARRUPE JESUIT UNIVERSITY

CORONAVIRUS -STOP THE SPREAD - CLEAN,DISINFECT,COVER

Zvishamiso zvinoitika (Record no. 126145)

MARC details
000 -LEADER
fixed length control field 00423nam a22001457a 4500
008 - FIXED-LENGTH DATA ELEMENTS--GENERAL INFORMATION
fixed length control field 170216b xxu||||| |||| 00| 0 eng d
050 ## - LIBRARY OF CONGRESS CALL NUMBER
Classification number BT732.5.M43
100 ## - MAIN ENTRY--PERSONAL NAME
Personal name McKenna, Briege
9 (RLIN) 28882
245 ## - TITLE STATEMENT
Title Zvishamiso zvinoitika
Statement of responsibility, etc Briege McKenna and Henry Libersat
260 ## - PUBLICATION, DISTRIBUTION, ETC. (IMPRINT)
Place of publication, distribution, etc Harare
Name of publisher, distributor, etc Life Lines
Date of publication, distribution, etc 2010
300 ## - PHYSICAL DESCRIPTION
Extent vi, 191p. ;
Dimensions 18cm.
650 ## - SUBJECT ADDED ENTRY--TOPICAL TERM
Topical term or geographic name as entry element Faith cures
9 (RLIN) 28883
650 ## - SUBJECT ADDED ENTRY--TOPICAL TERM
Topical term or geographic name as entry element Healing
9 (RLIN) 28884
700 ## - ADDED ENTRY--PERSONAL NAME
Personal name Libersat, Henry
9 (RLIN) 29149
700 ## - ADDED ENTRY--PERSONAL NAME
Personal name Muller, Heribert
Relator term tr.
9 (RLIN) 29150
942 ## - ADDED ENTRY ELEMENTS (KOHA)
Source of classification or shelving scheme Library of Congress Classification
Item type Monograph ( Printed materials)
Holdings
Withdrawn status Lost status Source of classification or shelving scheme Damaged status Not for loan Collection code Home library Current library Shelving location Date acquired Total Checkouts Full call number Barcode Date last seen Price effective from Koha item type
    Library of Congress Classification     Main Collection ARRUPE LIBRARY ARRUPE LIBRARY Main Collection 16/02/2017   BT732.5.M43 46500023547 16/02/2017 16/02/2017 Monograph ( Printed materials)

 

Arrupe Library. PO Box MP320 Mt Pleasant, Harare, Zimbabwe
263 242 745411|librarian@aju.ac.zw